[Event "World Youth U16 Olympiad"]
[Site "Gyor HUN"]
[Date "2014.12.13"]
[Round "1.18"]
[Board "4"]
[White "Muha, Miljenko"]
[Black "Keating, Geoffrey"]
[Result "1-0"]
[WhiteElo "2105"]
[BlackElo "1575"]
[WhiteTeam "Croatia"]
[BlackTeam "Ireland"]
[WhiteFideId "14533332"]
[BlackFideId "2505746"]
[EventDate "2014.12.13"]
[EventType "team"]

1. d4 d5 2. c4 c6 3. Nf3 Nf6 4. Nc3 dxc4 5. a4 Bf5 6. e3 e6 7. Bxc4 Bb4 8. O-O
Nbd7 9. Qe2 O-O 10. e4 Bg6 11. Bd3 Bh5 12. e5 Nd5 13. Nxd5 cxd5 14. Bd2 Qe7 15.
Bxb4 Qxb4 16. Ra3 Rac8 17. Bxh7+ Kxh7 18. Ng5+ Kg6 19. Qd3+ Kxg5 20. Qh7 g6 21.
Rg3+ Kf5 22. Qh6 f6 23. Qe3 Nxe5 24. Rg5+ fxg5 25. Qxe5+ Kg4 26. h3+ Kh4 27.
Qg3# 1-0

[Event "World Youth U16 Olympiad"]
[Site "Gyor HUN"]
[Date "2014.12.13"]
[Round "1.19"]
[Board "1"]
[White "Morozov, Nichita"]
[Black "Essop, Hishaam"]
[Result "1-0"]
[WhiteTitle "FM"]
[WhiteElo "2307"]
[BlackElo "1749"]
[WhiteTeam "Moldova"]
[BlackTeam "South Africa 1"]
[WhiteFideId "13900897"]
[BlackFideId "14306549"]
[EventDate "2014.12.13"]
[EventType "team"]

1. d4 Nf6 2. c4 g6 3. Nf3 Bg7 4. g3 O-O 5. Bg2 d6 6. O-O Nbd7 7. Nc3 e5 8. Qc2
Re8 9. Rd1 Qe7 10. e4 exd4 11. Nxd4 Nc5 12. f3 a5 13. b3 Be6 14. Be3 Nfd7 15.
Rab1 h5 16. h3 Na6 17. Qf2 Ndc5 18. a3 a4 19. b4 Bxd4 20. Rxd4 Nb3 21. Nd5 Bxd5
22. Rxd5 Rad8 23. Rbd1 Qe6 24. c5 Nb8 25. Bf4 Nc6 26. cxd6 cxd6 27. Rxd6 Rxd6
28. Rxd6 Qe7 29. Rd5 Rc8 30. Bf1 Qe6 31. h4 Nb8 32. Rd6 Qe8 33. Qb6 Nc6 34. Bh3
Rd8 35. Rxd8 Nxd8 36. Qf6 Kh7 37. Be5 Qf8 38. Bc3 Nc1 39. Bf1 Ne6 40. Bc4 Qg7
41. Qxg7+ Nxg7 42. Bb2 Nb3 43. Bxf7 Nd2 44. Kf2 b5 45. Ke2 Nc4 46. Bxc4 bxc4 47.
Bxg7 1-0

[Event "World Youth U16 Olympiad"]
[Site "Gyor HUN"]
[Date "2014.12.13"]
[Round "1.19"]
[Board "2"]
[White "Roos, Lucas"]
[Black "Abramciuc, Marius"]
[Result "0-1"]
[WhiteElo "1732"]
[BlackElo "2204"]
[WhiteTeam "South Africa 1"]
[BlackTeam "Moldova"]
[WhiteFideId "14308673"]
[BlackFideId "13900609"]
[EventDate "2014.12.13"]
[EventType "team"]

1. e4 e5 2. Nf3 Nc6 3. Bc4 Bc5 4. c3 Nf6 5. d3 d6 6. Nbd2 a6 7. Bb3 Ba7 8. Nf1
h6 9. Ng3 O-O 10. h3 Be6 11. Qe2 Qd7 12. Nh4 Kh7 13. Bc2 g6 14. Be3 Ng8 15. O-O
Qe7 16. Nf3 d5 17. Bxa7 Rxa7 18. Rfe1 dxe4 19. Nxe4 Bd5 20. Ba4 b5 21. Bc2 Raa8
22. Bb3 Rad8 23. Bxd5 Rxd5 24. c4 Rdd8 25. Nc3 bxc4 26. dxc4 Rfe8 27. Qe4 Qe6
28. Nd5 Rd7 29. Rad1 f5 30. Qh4 Kg7 31. Nf4 exf4 32. Rxe6 Rxd1+ 33. Re1 Rexe1+
34. Nxe1 Rxe1+ 35. Kh2 g5 36. Qh5 Nd4 0-1

[Event "World Youth U16 Olympiad"]
[Site "Gyor HUN"]
[Date "2014.12.13"]
[Round "1.19"]
[Board "3"]
[White "Macovei, Andrei"]
[Black "Berman, Jacob"]
[Result "1-0"]
[WhiteElo "2168"]
[BlackElo "1833"]
[WhiteTeam "Moldova"]
[BlackTeam "South Africa 1"]
[WhiteFideId "13904680"]
[BlackFideId "2071010"]
[EventDate "2014.12.13"]
[EventType "team"]

1. e4 e6 2. d4 d5 3. Nc3 Nf6 4. e5 Nfd7 5. f4 c5 6. Nf3 Nc6 7. Be3 a6 8. Qd2 b5
9. a3 Qb6 10. g3 cxd4 11. Nxd4 Bc5 12. Nce2 a5 13. Bg2 O-O 14. O-O f6 15. exf6
Nxf6 16. c3 a4 17. Kh1 Bb7 18. Rae1 Na5 19. Qd3 Nc4 20. Bc1 Rae8 21. Nf3 Ng4 22.
Ned4 e5 23. fxe5 Ncxe5 24. Nxe5 Rxf1+ 25. Qxf1 Rxe5 26. Bf4 Bxd4 27. cxd4 Qxd4
28. h3 Rxe1 29. Qxe1 Qd1 30. Qxd1 Nf2+ 31. Kg1 Nxd1 32. Bc1 b4 33. axb4 Kf7 34.
Bf3 a3 35. bxa3 Nc3 36. Bb2 Ne4 37. Bxe4 dxe4 38. Kf2 g6 39. Ke3 Ke6 40. Kd4 Kd6
41. Bc1 Bc8 42. h4 Bf5 43. b5 Bd7 44. Bf4+ Ke6 45. Kc5 Bc8 46. a4 Kd7 47. Kb6
Kd8 48. a5 Be6 49. Kb7 Bd5+ 50. Kb8 Kd7 51. a6 1-0

[Event "World Youth U16 Olympiad"]
[Site "Gyor HUN"]
[Date "2014.12.13"]
[Round "1.19"]
[Board "4"]
[White "Modi, Sachin"]
[Black "Chetrari, Nikita"]
[Result "0-1"]
[WhiteTitle "CM"]
[WhiteElo "1718"]
[BlackElo "2117"]
[WhiteTeam "South Africa 1"]
[BlackTeam "Moldova"]
[WhiteFideId "14304589"]
[BlackFideId "13904647"]
[EventDate "2014.12.13"]
[EventType "team"]

1. e4 c6 2. Nf3 d5 3. Nc3 Bg4 4. h3 Bxf3 5. Qxf3 e6 6. d3 Nd7 7. g3 g6 8. Bg2
Bg7 9. O-O Ne7 10. Bd2 O-O 11. Rae1 Rc8 12. Qe2 Re8 13. Kh2 Kh8 14. f4 f5 15. g4
dxe4 16. dxe4 Nf6 17. e5 Nfd5 18. Nxd5 cxd5 19. Be3 Qa5 20. c3 Rc6 21. g5 Rec8
22. h4 Rc4 23. a3 Qc7 24. h5 gxh5 25. Qxh5 Ng6 26. Bd4 Bf8 27. b4 a5 28. Re3
axb4 29. axb4 Bxb4 30. Rh3 Qg7 31. Bxd5 exd5 32. e6 Rxd4 33. cxd4 Bd6 34. Rhf3
Qxd4 35. Kg3 Nxf4 36. Rxf4 Qe3+ 37. Kg2 Bxf4 38. Qf3 Rc2+ 39. Rf2 Rxf2+ 40. Qxf2
Qxf2+ 41. Kxf2 Bxg5 0-1

[Event "World Youth U16 Olympiad"]
[Site "Gyor HUN"]
[Date "2014.12.13"]
[Round "1.20"]
[Board "1"]
[White "Abdulla, Murad"]
[Black "Yakubboev, Nodirbek"]
[Result "0-1"]
[WhiteElo "1958"]
[BlackElo "2144"]
[WhiteTeam "Scotland"]
[BlackTeam "Uzbekistan"]
[WhiteFideId "2403757"]
[BlackFideId "14203987"]
[EventDate "2014.12.13"]
[EventType "team"]

1. d4 Nf6 2. c4 e6 3. Nc3 Bb4 4. Qc2 Nc6 5. Nf3 d6 6. Bd2 e5 7. dxe5 dxe5 8. a3
Bxc3 9. Bxc3 Qe7 10. e3 O-O 11. Be2 e4 12. Nd2 Bf5 13. Nb3 Bg6 14. O-O-O Nd7 15.
h4 h6 16. g4 Nde5 17. Nd4 Nd3+ 18. Bxd3 exd3 19. Qd2 Nxd4 20. exd4 Rfe8 21. h5
Bh7 22. Rhe1 Qd7 23. g5 hxg5 24. Qxg5 Qa4 25. Qd2 Qxc4 26. Rg1 Qa2 27. Rxg7+
Kxg7 28. Qg5+ Bg6 29. Rxd3 Re2 30. Bd2 Qa1+ 31. Kc2 Rxd2+ 32. Kxd2 Qxb2+ 33. Ke3
Re8+ 34. Kf4 Qxf2+ 0-1

[Event "World Youth U16 Olympiad"]
[Site "Gyor HUN"]
[Date "2014.12.13"]
[Round "1.20"]
[Board "2"]
[White "Abdusattorova, Bakhora"]
[Black "Koehn, Lennart"]
[Result "1-0"]
[WhiteTitle "WFM"]
[WhiteElo "2216"]
[BlackElo "1846"]
[WhiteTeam "Uzbekistan"]
[BlackTeam "Scotland"]
[WhiteFideId "14204126"]
[BlackFideId "12938041"]
[EventDate "2014.12.13"]
[EventType "team"]

1. Nf3 Nf6 2. g3 g6 3. Bg2 Bg7 4. O-O O-O 5. d4 d6 6. a4 c5 7. a5 Na6 8. Nc3
cxd4 9. Nxd4 Nc5 10. a6 Qb6 11. Nb3 Nxa6 12. Be3 Nc5 13. Na4 Qc7 14. Naxc5 dxc5
15. Bxc5 Rd8 16. Qc1 Bf5 17. Bxa7 Qxc2 18. Qxc2 Bxc2 19. Nc5 Rd2 20. Bxb7 Rf8
21. Bf3 e5 22. e4 Rc8 23. b4 Bf8 24. Rfe1 h5 25. Ra2 Rcd8 26. Nb7 R8d3 27. Be3 1-0

[Event "World Youth U16 Olympiad"]
[Site "Gyor HUN"]
[Date "2014.12.13"]
[Round "1.20"]
[Board "4"]
[White "Sindarov, Javokhir"]
[Black "Gray, Euan"]
[Result "1-0"]
[WhiteElo "2054"]
[BlackElo "1625"]
[WhiteTeam "Uzbekistan"]
[BlackTeam "Scotland"]
[WhiteFideId "14205483"]
[BlackFideId "2405180"]
[EventDate "2014.12.13"]
[EventType "team"]

1. e4 e5 2. Nf3 Nf6 3. Nxe5 d6 4. Nf3 Nxe4 5. d4 d5 6. Bd3 Be7 7. O-O Nc6 8. c4
Nb4 9. Be2 Bf5 10. a3 Nc6 11. Qb3 Na5 12. Qa4+ c6 13. c5 b5 14. Qd1 O-O 15. Ne5
f6 16. Nd3 Ng5 17. Nf4 Ne6 18. Bd3 Nxd4 19. Bxf5 Nxf5 20. Ne6 Qd7 21. Nxf8 Bxf8
22. b4 Nc4 23. a4 Rb8 24. Nc3 a5 25. axb5 axb4 26. bxc6 Qxc6 27. Qxd5+ Qxd5 28.
Nxd5 Bxc5 29. Bf4 Rb5 30. Rac1 Na3 31. Nc7 Ra5 32. Rfd1 Nd4 33. Kf1 Bb6 34. Be3
b3 35. Bxd4 Bxd4 36. Rxd4 b2 37. Re1 b1=Q 38. Rxb1 Nxb1 39. Rd8+ Kf7 40. Rd7+
Kg6 41. Ne6 Nc3 42. g3 Re5 43. Rxg7+ Kh6 44. Rc7 Nb5 45. Rc6 Na7 46. Ra6 Nc8 47.
Nf4 Kg5 48. h4+ Kf5 49. Kg2 Ne7 50. Kf3 Rc5 51. g4+ Ke5 52. Nd3+ Kd5 53. Nxc5
Kxc5 54. Rxf6 1-0

[Event "World Youth U16 Olympiad"]
[Site "Gyor HUN"]
[Date "2014.12.13"]
[Round "1.21"]
[Board "1"]
[White "Bakalchuk, Johnatan"]
[Black "Conradie, Andre"]
[Result "1-0"]
[WhiteTitle "FM"]
[WhiteElo "2300"]
[BlackElo "1760"]
[WhiteTeam "Israel"]
[BlackTeam "South Africa 2"]
[WhiteFideId "2810301"]
[BlackFideId "14304570"]
[EventDate "2014.12.13"]
[EventType "team"]

1. e4 c6 2. d4 d5 3. exd5 cxd5 4. c4 Nf6 5. Nc3 Nc6 6. Nf3 Bg4 7. cxd5 Nxd5 8.
Bb5 Bxf3 9. Qxf3 e6 10. O-O Be7 11. Nxd5 Qxd5 12. Qxd5 exd5 13. Re1 Kd7 14. Re5
Kd6 15. Bf4 Nxd4 16. Re4+ Kc5 17. Rxe7 Kxb5 18. Rxb7+ Ka6 19. Rxf7 Ne2+ 20. Kf1
Nxf4 21. Rxf4 Rhf8 22. Rd4 Rf5 23. Rad1 Rd8 24. Rb4 Rf6 25. Rbd4 Rf5 26. g4 Re5
27. Kg2 Kb6 28. R1d2 Kc6 29. f4 Re3 30. b4 Rd7 31. a4 a6 32. Rc2+ Kb6 33. Rc5
Re4 34. Rxe4 dxe4 35. Re5 Rd4 36. Re6+ Kb7 37. Re7+ Kb6 38. Rxg7 Rxb4 39. f5
Rxa4 40. f6 Ra3 41. Rxh7 Rf3 42. g5 Rf5 43. h4 Kc5 44. Re7 Kd4 45. f7 e3 46. g6
Rf2+ 47. Kg3 1-0

[Event "World Youth U16 Olympiad"]
[Site "Gyor HUN"]
[Date "2014.12.13"]
[Round "1.21"]
[Board "2"]
[White "Kolver, Chris"]
[Black "Zanan, Evgeny"]
[Result "1/2-1/2"]
[BlackTitle "FM"]
[WhiteElo "1806"]
[BlackElo "2300"]
[WhiteTeam "South Africa 2"]
[BlackTeam "Israel"]
[WhiteFideId "14307820"]
[BlackFideId "24101940"]
[EventDate "2014.12.13"]
[EventType "team"]

1. d4 Nf6 2. c4 g6 3. Nc3 d5 4. Bg5 Ne4 5. Bf4 Nxc3 6. bxc3 Bg7 7. Nf3 c5 8. e3
O-O 9. cxd5 Qxd5 10. Be2 Nc6 11. O-O cxd4 12. cxd4 Bf5 13. Nd2 Rfd8 14. Nb3 e5
15. dxe5 Qe4 16. Qe1 Nxe5 17. Rd1 Rxd1 18. Qxd1 Nc6 19. Bf3 Qe8 20. Bxc6 bxc6
21. Qc1 Be6 22. Qc2 Bf5 23. Qc1 Rd8 24. Rd1 Bb2 25. Rxd8 Qxd8 26. Qd2 Qxd2 27.
Nxd2 Bc3 28. e4 Be6 29. Nb3 a5 30. Bc7 a4 31. Nc5 Bxa2 32. Nxa4 Bb4 33. Bb6 Kf8
34. Bc5+ Bxc5 35. Nxc5 Ke7 36. e5 Kd8 37. f4 Kc7 38. Kf2 Kb6 39. Ne4 h5 40. h3
h4 41. g4 hxg3+ 42. Nxg3 Kc5 43. Ke3 Kd5 44. h4 Bb1 45. h5 gxh5 46. Nxh5 c5 47.
Nf6+ Kc4 48. Ne4 Kb4 49. f5 Ba2 50. e6 Bxe6 51. fxe6 fxe6 1/2-1/2

[Event "World Youth U16 Olympiad"]
[Site "Gyor HUN"]
[Date "2014.12.13"]
[Round "1.21"]
[Board "3"]
[White "Grinberg, Eyal"]
[Black "Van Der Lingen, Cornelis Petrus"]
[Result "1-0"]
[WhiteElo "2121"]
[BlackElo "1712"]
[WhiteTeam "Israel"]
[BlackTeam "South Africa 2"]
[WhiteFideId "2806070"]
[BlackFideId "14306620"]
[EventDate "2014.12.13"]
[EventType "team"]

1. e4 e5 2. Nf3 Nc6 3. Bb5 Nf6 4. d3 Bc5 5. O-O Qe7 6. Nbd2 a6 7. Bxc6 bxc6 8.
Nc4 d6 9. Be3 Bxe3 10. Nxe3 Rb8 11. b3 h5 12. Nh4 g6 13. Nf3 Ng4 14. Qd2 f5 15.
Nc4 f4 16. d4 O-O 17. Rfe1 Be6 18. Qc3 exd4 19. Qxd4 c5 20. Qd3 Qf7 21. Ncd2 a5
22. h3 Nf6 23. Ng5 Qe7 24. e5 Bf5 25. exf6 Qxe1+ 26. Rxe1 Bxd3 27. f7+ Rxf7 28.
Nxf7 Bxc2 29. Re7 a4 30. Rxc7 axb3 31. axb3 Bxb3 32. Nxb3 Rxb3 33. Nxd6 Rb1+ 34.
Kh2 Rc1 35. Ne4 c4 36. Nd6 c3 37. Nb5 c2 38. Nd4 Rd1 39. Nxc2 Rd2 40. f3 Rd5 41.
h4 Rd6 42. Rc4 Rf6 43. Nb4 Kg7 44. Nd5 Rd6 45. Nxf4 Kf6 46. Kg3 g5 47. hxg5+
Kxg5 48. Rc5+ Kf6 49. Rxh5 Kg7 50. Kg4 Rd4 51. Kf5 Rd2 52. g4 Kg8 53. Rh6 Ra2
54. Rb6 Ra4 55. Nh5 Ra8 56. Kg6 Kf8 57. Nf6 Rc8 58. Rb7 Rc7 59. Rb8+ Ke7 60.
Nd5+ 1-0

[Event "World Youth U16 Olympiad"]
[Site "Gyor HUN"]
[Date "2014.12.13"]
[Round "1.21"]
[Board "4"]
[White "Marx, Inge"]
[Black "Kali, Omer"]
[Result "0-1"]
[WhiteElo "1524"]
[BlackElo "2055"]
[WhiteTeam "South Africa 2"]
[BlackTeam "Israel"]
[WhiteFideId "14306271"]
[BlackFideId "2812436"]
[EventDate "2014.12.13"]
[EventType "team"]

1. e4 e5 2. Nf3 Nc6 3. Bc4 Nf6 4. d3 Be7 5. c3 O-O 6. Nbd2 d5 7. Bb3 Re8 8. Qe2
h6 9. Nf1 Bf8 10. Ng3 d4 11. O-O Na5 12. Ba4 c6 13. b4 b5 14. cxd4 Bxb4 15. dxe5
Nd7 16. Qb2 Bc5 17. Bc2 Nxe5 18. Nxe5 Bd4 19. Nxf7 Bxb2 20. Nxd8 Bxa1 21. Bd2
Bf6 22. Bxa5 Bxd8 23. Bb4 Bb6 24. Rd1 Bg4 25. Bb3+ Be6 26. Bxe6+ Rxe6 27. Nf5
Kh7 28. Kf1 g6 29. Ng3 Rd8 30. f4 c5 31. Bc3 Red6 32. Ke2 c4 33. e5 Rxd3 34.
Rxd3 Rxd3 35. Bd2 Ra3 36. e6 Bc5 37. Ne4 Be7 38. Nc3 Ra6 39. Nxb5 Rxe6+ 40. Kf3
Ra6 41. Nc3 Bb4 42. Ne4 Bxd2 43. Nxd2 c3 0-1

[Event "World Youth U16 Olympiad"]
[Site "Gyor HUN"]
[Date "2014.12.13"]
[Round "1.22"]
[Board "1"]
[White "Loay, Sameer"]
[Black "Dankhazi, Andras"]
[Result "0-1"]
[WhiteElo "1802"]
[BlackElo "2237"]
[WhiteTeam "Jordan"]
[BlackTeam "Hungary 3"]
[WhiteFideId "8104239"]
[BlackFideId "714267"]
[EventDate "2014.12.13"]
[EventType "team"]

1. Nf3 c5 2. g3 Nc6 3. Bg2 g6 4. O-O Bg7 5. d3 d6 6. e4 Nf6 7. Nbd2 O-O 8. a4
Rb8 9. Nc4 Qc7 10. Re1 e5 11. c3 Rd8 12. Bg5 h6 13. Bxf6 Bxf6 14. Ne3 Be6 15.
Nd2 Ne7 16. Ndc4 Bg7 17. Qe2 b6 18. Red1 f5 19. f4 exf4 20. gxf4 d5 21. exd5
Nxd5 22. Nxd5 Bxd5 23. Bxd5+ Rxd5 24. Qe6+ Qf7 25. Qxf7+ Kxf7 26. Rd2 Bf6 27.
Kf2 Re8 28. Re1 Bh4+ 0-1

[Event "World Youth U16 Olympiad"]
[Site "Gyor HUN"]
[Date "2014.12.13"]
[Round "1.22"]
[Board "2"]
[White "Peczely, Sebastian Zsombor"]
[Black "Al-Bashayra, Yazan"]
[Result "1-0"]
[WhiteElo "2197"]
[BlackElo "1780"]
[WhiteTeam "Hungary 3"]
[BlackTeam "Jordan"]
[WhiteFideId "750964"]
[BlackFideId "8103879"]
[EventDate "2014.12.13"]
[EventType "team"]

1. e4 c5 2. Nf3 Nc6 3. d4 cxd4 4. Nxd4 d6 5. Nc3 g6 6. Be3 Bg7 7. Qd2 Nf6 8. f3
Nxd4 9. Bxd4 O-O 10. O-O-O Bd7 11. Kb1 a6 12. g4 b5 13. h4 e5 14. Be3 Ne8 15. h5
f6 16. h6 Bh8 17. Nd5 Be6 18. c4 Qb8 19. c5 Rf7 20. c6 Bxd5 21. Qxd5 Qc7 22. Be2
Kf8 23. Rc1 Rd8 24. Bd1 Qe7 25. Bb6 Nc7 26. Bxc7 Qxc7 27. Bb3 Rb8 28. Rhd1 Rd8
29. Qxf7+ Qxf7 30. Bxf7 Kxf7 31. Rxd6 Rc8 32. Rd7+ 1-0

[Event "World Youth U16 Olympiad"]
[Site "Gyor HUN"]
[Date "2014.12.13"]
[Round "1.22"]
[Board "3"]
[White "Saif, Malek"]
[Black "Marosi, Levente"]
[Result "0-1"]
[WhiteElo "1782"]
[BlackElo "2211"]
[WhiteTeam "Jordan"]
[BlackTeam "Hungary 3"]
[WhiteFideId "8104220"]
[BlackFideId "747181"]
[EventDate "2014.12.13"]
[EventType "team"]

1. e4 c5 2. Nf3 d6 3. d4 cxd4 4. Nxd4 Nf6 5. Nc3 a6 6. Be2 e5 7. Nb3 Be7 8. O-O
O-O 9. f4 Nbd7 10. Be3 Qc7 11. Qe1 b5 12. a3 Bb7 13. Bf3 Rfe8 14. Qg3 a5 15. Nd2
Qc6 16. Rac1 Nb6 17. fxe5 dxe5 18. Qxe5 b4 19. axb4 axb4 20. Ne2 Rad8 21. Qa5
Nc4 22. Nxc4 Qxc4 23. b3 Qc8 24. Ng3 Bf8 25. Bg5 Re6 26. Rfe1 Rde8 27. Bxf6 Rxf6
28. Qb5 Bc5+ 29. Kh1 Ba6 30. Qa4 Bf2 31. Red1 Bxg3 32. Bg4 Qb8 33. hxg3 Rh6+ 34.
Bh3 Rf8 35. Qa5 Qxg3 36. Rd8 Rxh3+ 37. gxh3 Qxh3+ 38. Kg1 Qg3+ 39. Kh1 Qh4+ 40.
Kg2 Rxd8 41. Qxa6 Qg4+ 42. Kh2 Rd2+ 43. Kh1 Qh3+ 44. Kg1 Qg2# 0-1

[Event "World Youth U16 Olympiad"]
[Site "Gyor HUN"]
[Date "2014.12.13"]
[Round "1.22"]
[Board "4"]
[White "Krstulovic, Alex"]
[Black "Thaer, Abu Alhaija"]
[Result "1-0"]
[WhiteTitle "FM"]
[WhiteElo "2099"]
[BlackElo "1487"]
[WhiteTeam "Hungary 3"]
[BlackTeam "Jordan"]
[WhiteFideId "760056"]
[BlackFideId "8106215"]
[EventDate "2014.12.13"]
[EventType "team"]

1. d4 d5 2. c4 c6 3. Nf3 Nf6 4. Nc3 Bf5 5. Qb3 Qb6 6. c5 Qxb3 7. axb3 Na6 8. Nh4
Bg6 9. Nxg6 hxg6 10. e3 Nc7 11. b4 a6 12. Bd3 e6 13. f4 Be7 14. Ke2 Nd7 15. g4
Rh4 16. g5 O-O-O 17. Kf2 Rdh8 18. Kg3 Rh3+ 19. Kg2 R3h4 20. Bd2 Rg4+ 21. Kf3
Rgh4 22. Kg3 Rh3+ 23. Kg2 R3h4 24. Be1 R4h5 25. h4 Nf8 26. Bg3 f6 27. Rh2 f5 28.
Rah1 Nd7 29. Be2 R5h7 30. Bf3 Nf8 31. Ne2 Nb5 32. Nc1 Nc7 33. Nd3 Nd7 34. Bf2
Nb5 35. Kg3 Nc7 36. Be1 Kb8 37. h5 gxh5 38. Rxh5 Rxh5 39. Rxh5 Rxh5 40. Bxh5 Bf8
41. Kh4 Kc8 42. Bf7 Kd8 43. Kh5 Ke7 44. Kg6 Ne8 45. Bxe8 Kxe8 46. Nc1 b6 47. Ne2
b5 48. Ng3 Ke7 49. Nh5 Ke8 50. Nxg7+ Bxg7 51. Kxg7 Ke7 52. g6 Ke8 53. Bh4 Nf8
54. Kf6 1-0

[Event "World Youth U16 Olympiad"]
[Site "Gyor HUN"]
[Date "2014.12.13"]
[Round "1.23"]
[Board "1"]
[White "Marek, Matyas"]
[Black "Lee, Jun Hyeok"]
[Result "1-0"]
[WhiteTitle "FM"]
[BlackTitle "FM"]
[WhiteElo "2348"]
[BlackElo "2022"]
[WhiteTeam "Czech Republic"]
[BlackTeam "South Korea 1"]
[WhiteFideId "335398"]
[BlackFideId "13202340"]
[EventDate "2014.12.13"]
[EventType "team"]

1. e4 c5 2. Nf3 d6 3. d4 cxd4 4. Nxd4 Nf6 5. Nc3 a6 6. Be3 e5 7. Nb3 Be6 8. h3
Nbd7 9. f4 exf4 10. Bxf4 Ne5 11. Qe2 Be7 12. O-O-O Qc7 13. g4 Nfd7 14. Kb1 O-O-O
15. Nd5 Bxd5 16. exd5 Rde8 17. Qf2 Ng6 18. Bd2 Bh4 19. Qa7 Qb8 20. Qd4 Bf6 21.
Qa4 Qa7 22. Bb4 Be5 23. Qa3 Qb8 24. c4 b6 25. Qxa6+ Qb7 26. Qb5 Kc7 27. Bd3 Nc5
28. Bf5 Ra8 29. Rhe1 Qa6 30. Qxa6 Rxa6 31. Nd4 Bxd4 32. Rxd4 Ne5 33. Re3 f6 34.
Bd2 Rb8 35. b4 h6 36. Bc2 Nb7 37. a4 Nc5 38. Ra3 Ra7 39. Kc1 Ncd7 40. Re4 Kd8
41. Rc3 Rc7 42. Kb2 Rbc8 43. Kb3 Ra8 44. Be3 Rb7 45. Bd1 Rc7 46. h4 Ke7 47. g5
hxg5 48. hxg5 Rh8 49. gxf6+ Nxf6 50. Rxe5+ dxe5 51. Bxb6 Rb7 52. Bc5+ Kd7 53.
Rg3 Rg8 54. Bc2 g5 55. a5 Kc7 56. a6 Rbb8 57. a7 Rb7 58. d6+ Kc6 59. Rf3 Rf7 60.
Be4+ Nxe4 61. Rxf7 Nd2+ 62. Kc2 Nxc4 63. Rc7+ Kd5 64. d7 1-0

[Event "World Youth U16 Olympiad"]
[Site "Gyor HUN"]
[Date "2014.12.13"]
[Round "1.23"]
[Board "2"]
[White "Kwon, Sehyun"]
[Black "Pulpan, Jakub"]
[Result "0-1"]
[BlackTitle "FM"]
[WhiteElo "1947"]
[BlackElo "2264"]
[WhiteTeam "South Korea 1"]
[BlackTeam "Czech Republic"]
[WhiteFideId "13203088"]
[BlackFideId "302759"]
[EventDate "2014.12.13"]
[EventType "team"]

1. e4 c5 2. Nf3 d6 3. Bb5+ Nd7 4. O-O Nf6 5. Re1 a6 6. Bxd7+ Bxd7 7. c3 e5 8. d4
Qc7 9. dxe5 dxe5 10. Bg5 O-O-O 11. Qc2 c4 12. Nbd2 h6 13. Bxf6 gxf6 14. Nf1 Bc5
15. Ng3 Rdg8 16. Nh4 Rg4 17. Nhf5 h5 18. Qe2 Rhg8 19. Nxh5 Rxg2+ 20. Kh1 Bxf5
21. exf5 Qc6 22. Qe4 Rg1+ 0-1

[Event "World Youth U16 Olympiad"]
[Site "Gyor HUN"]
[Date "2014.12.13"]
[Round "1.23"]
[Board "3"]
[White "Kula, Dominik"]
[Black "Nam, Ju Won"]
[Result "1-0"]
[WhiteElo "2018"]
[BlackElo "1435"]
[WhiteTeam "Czech Republic"]
[BlackTeam "South Korea 1"]
[WhiteFideId "344338"]
[BlackFideId "13203240"]
[EventDate "2014.12.13"]
[EventType "team"]

1. e4 e5 2. Nf3 Nc6 3. Bb5 a6 4. Ba4 Nf6 5. O-O Be7 6. Re1 b5 7. Bb3 d6 8. c3
O-O 9. h3 Na5 10. Bc2 c5 11. d4 exd4 12. cxd4 Nd7 13. Nc3 Nc6 14. a4 bxa4 15.
Bxa4 Bb7 16. Bf4 f6 17. Qb3+ Kh8 18. Qxb7 1-0

[Event "World Youth U16 Olympiad"]
[Site "Gyor HUN"]
[Date "2014.12.13"]
[Round "1.23"]
[Board "4"]
[White "Choi, Hyunhyo"]
[Black "Nova, Michaela"]
[Result "0-1"]
[WhiteElo "1399"]
[BlackElo "2015"]
[WhiteTeam "South Korea 1"]
[BlackTeam "Czech Republic"]
[WhiteFideId "13203185"]
[BlackFideId "368466"]
[EventDate "2014.12.13"]
[EventType "team"]

1. e4 c5 2. Nf3 d6 3. d4 cxd4 4. Nxd4 Nf6 5. Nc3 a6 6. Be2 e5 7. Nf3 h6 8. O-O
Be6 9. Be3 Be7 10. Qd2 Nbd7 11. Rfd1 b5 12. a3 O-O 13. h3 Nb6 14. Ne1 Qc7 15. f4
Rfd8 16. f5 Bc4 17. Bxb6 Qxb6+ 18. Kh1 Bxe2 19. Qxe2 b4 20. Nd5 Nxd5 21. Rxd5
bxa3 22. bxa3 Qb2 23. Qd1 Rac8 24. Rd3 Qb7 25. Rb1 Qxe4 26. Qh5 Rxc2 27. Qf3
Qxf3 28. Rxf3 Rc4 29. Kh2 d5 30. Rb7 e4 31. Rfb3 Bd6+ 0-1

[Event "World Youth U16 Olympiad"]
[Site "Gyor HUN"]
[Date "2014.12.13"]
[Round "1.24"]
[Board "1"]
[White "Oltman, Kayla"]
[Black "Thybo, Jesper Sondergaard"]
[Result "0-1"]
[BlackTitle "FM"]
[WhiteElo "1529"]
[BlackElo "2255"]
[WhiteTeam "South Africa (Girls)"]
[BlackTeam "Denmark"]
[WhiteFideId "14318490"]
[BlackFideId "1438832"]
[EventDate "2014.12.13"]
[EventType "team"]

1. c4 c5 2. g3 g6 3. Bg2 Bg7 4. Nc3 Nc6 5. e3 Nh6 6. d4 Nf5 7. dxc5 Bxc3+ 8.
bxc3 Qa5 9. Ne2 Qxc5 10. Qd5 Qa5 11. Bd2 Qd8 12. Nd4 Ng7 13. e4 O-O 14. O-O d6
15. Bh6 Bd7 16. c5 dxc5 17. Qxc5 Re8 18. Rfd1 Qc8 19. Bxg7 Kxg7 20. e5 Nd8 21.
Qd5 Rb8 22. Rab1 Ba4 23. Rdc1 Bd7 24. c4 Nc6 25. Nxc6 Bxc6 26. Qd4 Bxg2 27. Kxg2
b6 28. e6+ f6 29. Qd7 Qa6 30. Rc2 Rbd8 31. Qb5 Qb7+ 32. Kg1 Qe4 33. Qa4 Ra8 34.
Rbb2 Qxe6 35. c5 bxc5 36. Rxc5 Qe1+ 37. Kg2 Red8 38. Rc7 Rab8 39. Rxb8 Rxb8 40.
Qxa7 Qe4+ 41. Kh3 Qe6+ 42. g4 Re8 43. a4 h5 44. f3 hxg4+ 45. fxg4 Rh8+ 46. Kg3
Qe5+ 47. Kf3 Rh3+ 48. Kf2 Rxh2+ 49. Kf3 Qe2+ 50. Kf4 g5+ 0-1